000 00393nam a22001577a 4500
003 SGT
020 _a9789350252819
082 _a618.92
_bP12E
100 _aELIZABETH, KE.
245 _aPEDIBLOOM PEDIATRIC CASES AND SUMMARIES
260 _aNEW DELHI
_bJAYPEE BRO. PUB.
_c2012
300 _a617
650 _aPEDIATRIC
653 _aPEDIBLOOM, PEDIATRIC, CASES, SUMMARIES
942 _2ddc
_cBK
999 _c34733
_d34733